[Event "Malaya Zemlya op"]
[Site "Novorossiysk"]
[Date "2021.07.17"]
[Round "6"]
[White "Aleksandrov, Danila"]
[Black "Schepets, Savva"]
[Result "1-0"]
[WhiteElo "2199"]
[BlackElo "1823"]
[PlyCount "55"]
[EventDate "2021.07.12"]
[EventType "swiss"]
[EventRounds "9"]
[EventCountry "RUS"]
[SourceTitle "CBM 203 Extra"]
[Source "ChessBase"]
[SourceDate "2021.09.30"]
[SourceVersion "1"]
[SourceVersionDate "2021.09.30"]
[SourceQuality "1"]

1. d4 Nf6 2. c4 e6 3. Nc3 Bb4 4. Bg5 h6 5. Bh4 g5 6. Bg3 Ne4 7. Qc2 f5 8. e3 b6 9. Bd3 Bb7 10. Be5 0-0 11. f3 d6 12. Bxe4 Bxe4 13. fxe4 dxe5 14. Nf3 exd4 15. Nxd4 Bxc3+ 16. bxc3 Qf6 17. exf5 Qe5 18. 0-0 exf5 19. Nxf5 Qe6 20. Ne7+ Kg7 21. Rxf8 Kxf8 22. Qh7 Qxe3+ 23. Kh1 Qxe7 24. Rf1+ Ke8 25. Qg8+ Kd7 26. Rd1+ Qd6 27. Rxd6+ cxd6 28. Qf7+ 1-0

[Event "Voronezh op-B 23rd"]
[Site "Voronezh"]
[Date "2019.06.16"]
[Round "5"]
[White "Schepets, Savva"]
[Black "Shcherbinin, Nikolay"]
[Result "1/2-1/2"]
[WhiteElo "1598"]
[BlackElo "1717"]
[PlyCount "80"]
[EventDate "2019.06.12"]
[EventType "swiss"]
[EventRounds "9"]
[EventCountry "RUS"]
[SourceTitle "EXT 2020"]
[Source "ChessBase"]
[SourceDate "2019.10.17"]
[SourceVersion "1"]
[SourceVersionDate "2019.10.17"]
[SourceQuality "1"]

1. c4 c5 2. Nc3 Nc6 3. Nf3 g6 4. e3 Bg7 5. d4 cxd4 6. exd4 d6 7. Be2 Bg4 8. h3 Bxf3 9. Bxf3 Qd7 10. Be3 Nf6 11. 0-0 0-0 12. Qd2 Rfc8 13. Rac1 Rab8 14. Be2 d5 15. c5 e5 16. dxe5 Nxe5 17. Bf4 Qe6 18. Rfe1 Ne4 19. Qxd5 Qxd5 20. Nxd5 Rxc5 21. Rxc5 Nxc5 22. Bb5 Ncd3 23. Bxd3 Nxd3 24. Bxb8 Nxe1 25. Bxa7 Bxb2 26. Ne3 b5 27. Bc5 Nd3 28. Bd6 f5 29. Nc2 Kf7 30. Kf1 Ke6 31. Ba3 Bxa3 32. Nxa3 b4 33. Nb1 Kd5 34. a3 bxa3 35. Nxa3 Nf4 36. f3 Kd4 37. Kf2 g5 38. Nc2+ Ke5 39. Ne3 h5 40. Nc4+ Kf6 1/2-1/2

[Event "Voronezh op-B 23rd"]
[Site "Voronezh"]
[Date "2019.06.14"]
[Round "3"]
[White "Schepets, Savva"]
[Black "Moshkin, Mikhail"]
[Result "0-1"]
[WhiteElo "1598"]
[BlackElo "1811"]
[PlyCount "134"]
[EventDate "2019.06.12"]
[EventType "swiss"]
[EventRounds "9"]
[EventCountry "RUS"]
[SourceTitle "EXT 2020"]
[Source "ChessBase"]
[SourceDate "2019.10.17"]
[SourceVersion "1"]
[SourceVersionDate "2019.10.17"]
[SourceQuality "1"]

1. e4 c5 2. g3 g6 3. Bg2 Bg7 4. Ne2 Nc6 5. c3 Qb6 6. 0-0 e6 7. d3 Nge7 8. Qc2 0-0 9. Be3 d5 10. f4 d4 11. Bf2 f6 12. Nd2 e5 13. Nf3 Qd8 14. cxd4 cxd4 15. fxe5 fxe5 16. Qc4+ Kh8 17. Ng5 Qe8 18. Be1 Rxf1+ 19. Bxf1 h6 20. Nf7+ Kh7 21. Nd6 Qd7 22. Nxc8 Rxc8 23. Rc1 Qg4 24. Qb3 Qf3 25. Qd1 Rf8 26. Bg2 Qe3+ 27. Kh1 h5 28. Qd2 Bh6 29. Rd1 Ng8 30. Ng1 Nf6 31. Qxe3 Bxe3 32. h3 Nd7 33. Bd2 Rf2 34. Nf3 Nc5 35. b4 Bxd2 36. bxc5 Bb4 37. Rb1 Kh6 38. Nxe5 Nxe5 39. Rxb4 Nxd3 40. Rxb7 Nxc5 41. Rxa7 d3 42. Ra8 d2 43. Rd8 Re2 44. Bf3 Re1+ 45. Kg2 Nxe4 46. Rd3 Ra1 47. Bxe4 d1Q 48. Rxd1 Rxd1 49. a4 Ra1 50. Bc6 Kg5 51. Kf3 Kf5 52. Bd7+ Kg5 53. Be8 Kf5 54. Bd7+ Ke5 55. Be8 Kf6 56. Bc6 g5 57. Bd7 Ke5 58. Kg2 h4 59. gxh4 gxh4 60. Be8 Kf4 61. Bd7 Ra2+ 62. Kf1 Ke3 63. Bc6 Rf2+ 64. Kg1 Rc2 65. Bb5 Kf3 66. Be8 Kg3 67. Kf1 Kxh3 0-1

[Event "Voronezh op-B 23rd"]
[Site "Voronezh"]
[Date "2019.06.13"]
[Round "2"]
[White "Geranichev, Mikhail"]
[Black "Schepets, Savva"]
[Result "0-1"]
[WhiteElo "2060"]
[BlackElo "1598"]
[PlyCount "73"]
[EventDate "2019.06.12"]
[EventType "swiss"]
[EventRounds "9"]
[EventCountry "RUS"]
[SourceTitle "EXT 2020"]
[Source "ChessBase"]
[SourceDate "2019.10.17"]
[SourceVersion "1"]
[SourceVersionDate "2019.10.17"]
[SourceQuality "1"]

1. Nf3 Nf6 2. g3 g6 3. d3 Bg7 4. Bg2 0-0 5. 0-0 d6 6. Nbd2 Nbd7 7. e4 e5 8. Nc4 b5 9. Ne3 Bb7 10. Nh4 Nb6 11. Ng4 Nxg4 12. Qxg4 Qd7 13. Qe2 d5 14. b3 d4 15. f4 f6 16. f5 g5 17. Nf3 h5 18. Bxg5 fxg5 19. Nxg5 Bh6 20. Ne6 Be3+ 21. Kh1 Rf6 22. Bf3 Bc8 23. Bxh5 Qe7 24. Qg4+ Kh8 25. Bg6 Bxe6 26. fxe6 Bh6 27. Bf7 Rxf1+ 28. Rxf1 Qg5 29. Qxg5 Bxg5 30. Rf5 Be7 31. Rxe5 c6 32. g4 Kg7 33. g5 Rb8 34. Rf5 Nc8 35. e5 Rb6 36. Rf4 c5 37. Rh4 0-1